| 000 | 01175cam a2200349 i 4500 | ||
|---|---|---|---|
| 999 |
_c4532 _d4532 |
||
| 001 | 18708023 | ||
| 003 | OSt | ||
| 005 | 20181207100933.0 | ||
| 008 | 150721t20081995azua b 000 0 eng | ||
| 010 | _a 2015451278 | ||
| 020 | _a9780977641000 | ||
| 020 | _a0977641007 | ||
| 040 |
_aDLC _beng _erda _cDLC _dDLC |
||
| 042 | _apcc | ||
| 050 | 0 | 0 |
_aBV4637 _b.A52 2008 |
| 082 | 0 | 0 |
_aREF 231.7 _223 _bA54G |
| 100 | 1 |
_aAnderson, Chawna Renee, _d1976- _eauthor. |
|
| 245 | 1 | 4 |
_aThe great "I am" / _cChawna Renee Anderson, Christopher T. Ward. |
| 264 | 1 |
_a[Arizona?] : _bTriennium Publishing, LLC, _c[2008] |
|
| 300 |
_a1 volume (unpaged) : _billustrations (some color) ; _c29 x 36 cm |
||
| 336 |
_atext _btxt _2rdacontent |
||
| 336 |
_astill image _2rdacontent |
||
| 337 |
_aunmediated _bn _2rdamedia |
||
| 338 |
_avolume _bnc _2rdacarrier |
||
| 500 | _aCover title. | ||
| 504 | _aIncludes bibliographical references. | ||
| 650 | 0 |
_aTrust in God _xChristianity _vMeditations. |
|
| 700 | 1 |
_aWard, Christopher T., _d1969- _ephotographer (expression) |
|
| 906 |
_a7 _bcbc _corignew _d2 _encip _f20 _gy-nonroman |
||
| 942 |
_2ddc _cREF |
||